000 00451nam a22001697a 4500
005 20251108173141.0
008 250721s9999 xx 000 0 ara d
082 1 4 _aط/ق/يوس
100 1 _aيوسف، محسن
245 1 0 _aمغامرات السندباد في ....... /
264 1 _aدمشق :
_bالقمر الصغير،
300 _aج
650 1 7 _aأدب الأطفال
650 1 7 _aالقصص
942 _2ddc
_cBK
999 _c97220
_d97220